| 000 | 00410cam a2200169ua 4500 | ||
|---|---|---|---|
| 020 | _c1.00 | ||
| 041 |
_amal _h |
||
| 082 |
_a894.81280341 _bKOY/CO |
||
| 100 | _aKoya Mohammed, C H . | ||
| 245 |
_aCox- London-Cairo / _cC H Koya Mohammed. _hTextual Documents |
||
| 260 |
_aCalicut : _bGreen house , _c1961. |
||
| 300 | _a63 ; . | ||
| 365 | _a1.00 | ||
| 504 | _a | ||
| 942 | _cBK | ||
| 999 |
_c4659 _d4659 |
||